[Event "Roncana op-C 9th"]
[Site "Santa Eulalia de Roncana"]
[Date "2015.10.03"]
[Round "1"]
[White "Garcia Corominas, Erika"]
[Black "Krasic Moreno, Nikola"]
[Result "0-1"]
[WhiteElo "1436"]
[BlackElo "1706"]
[PlyCount "52"]
[EventDate "2015.10.03"]
[EventType "swiss"]
[EventRounds "8"]
[EventCountry "ESP"]
[SourceTitle "EXT 2017"]
[Source "ChessBase"]
[SourceDate "2016.10.25"]
[SourceVersion "1"]
[SourceVersionDate "2016.10.25"]
[SourceQuality "1"]

1. e4 e6 2. Nc3 Bb4 3. Bb5 a6 4. Nf3 Bxc3 5. bxc3 axb5 6. 0-0 Nf6 7. Ba3 Rxa3 8. Qc1 Ra4 9. Ng5 Nh5 10. Nxh7 Rxh7 11. Qe1 c6 12. Qe3 Qc7 13. Rfe1 Nf4 14. g3 Nh3+ 15. Kf1 b6 16. d4 Ba6 17. Kg2 c5 18. e5 cxd4 19. cxd4 Qxc2 20. Rac1 Qxa2 21. Re2 Qd5+ 22. f3 b4 23. Qd3 Bxd3 24. Rc8+ Ke7 25. Re1 Ra2+ 26. Kh1 Qxf3# 0-1